[Event "Hong Kong-ch prel"]
[Site "Hong Kong"]
[Date "2016.03.14"]
[Round "10"]
[White "Chan, Lok Yee Lewis"]
[Black "Masters, Christopher"]
[Result "1-0"]
[WhiteElo "1793"]
[BlackElo "1896"]
[PlyCount "126"]
[EventDate "2016.01.04"]
[EventType "swiss"]
[EventRounds "11"]
[EventCountry "HKG"]
[SourceTitle "EXT 2017"]
[Source "ChessBase"]
[SourceDate "2016.10.25"]
[SourceVersion "1"]
[SourceVersionDate "2016.10.25"]
[SourceQuality "1"]

1. d4 Nf6 2. c4 g6 3. Nc3 Bg7 4. e4 d6 5. Nf3 0-0 6. Be2 e5 7. 0-0 Nc6 8. d5 Ne7 9. Ne1 Nd7 10. Be3 f5 11. f3 f4 12. Bf2 a5 13. Nd3 b6 14. a3 g5 15. b4 Rf6 16. c5 Rh6 17. g4 fxg3 18. hxg3 Qe8 19. g4 Ng6 20. Nb5 Qd8 21. cxd6 cxd6 22. Nxd6 Nf4 23. Nxf4 exf4 24. Nf5 Qf6 25. Nxh6+ Qxh6 26. Rc1 Ne5 27. Kg2 Bd7 28. d6 Rf8 29. Rh1 Qf6 30. Bd4 axb4 31. axb4 b5 32. Bxe5 Qxe5 33. Qd5+ Qxd5 34. exd5 Re8 35. Bd3 h6 36. Rhe1 Rd8 37. Rc7 Bf8 38. Re7 Be8 39. Bf5 Bxe7 40. dxe7 Ra8 41. Be6+ Kg7 42. d6 Kf6 43. d7 Bxd7 44. Bxd7 Ra2+ 45. Kf1 Kxe7 46. Bxb5+ Kd6 47. Rd7+ Ke5 48. Bc6 Rb2 49. b5 Ke6 50. Rh7 Ke5 51. Rxh6 Kd4 52. Re6 Rb1+ 53. Re1 Rb2 54. Re2 Rb1+ 55. Kg2 Rb3 56. Kf2 Kd3 57. Be8 Rb4 58. Ra2 Kd4 59. Ke2 Rb3 60. Bc6 Re3+ 61. Kd2 Kc5 62. Rc2+ Kb6 63. Rc3 Re5 1-0

[Event "Hong Kong-ch prel"]
[Site "Hong Kong"]
[Date "2016.01.04"]
[Round "1"]
[White "Tyrrell, Lachlan Baly Hughes"]
[Black "Masters, Christopher"]
[Result "0-1"]
[WhiteElo "1298"]
[BlackElo "1896"]
[PlyCount "40"]
[EventDate "2016.01.04"]
[EventType "swiss"]
[EventRounds "11"]
[EventCountry "HKG"]
[SourceTitle "EXT 2017"]
[Source "ChessBase"]
[SourceDate "2016.10.25"]
[SourceVersion "1"]
[SourceVersionDate "2016.10.25"]
[SourceQuality "1"]

1. e4 c5 2. Nf3 d6 3. Bc4 e6 4. Nc3 Nc6 5. 0-0 Nf6 6. d4 cxd4 7. Nxd4 Be7 8. Re1 e5 9. Nb3 0-0 10. Bg5 Be6 11. Bxe6 fxe6 12. Bxf6 Rxf6 13. Qg4 Qb6 14. Re3 Nd4 15. Nxd4 exd4 16. Na4 Qc6 17. Ra3 Qxc2 18. Rb3 Qxf2+ 19. Kh1 Qf1+ 20. Rxf1 Rxf1# 0-1

[Event "Asia Cities-ch 19th"]
[Site "Kalutara "]
[Date "2015.07.25"]
[Round "5"]
[White "Al Takrori, Husam"]
[Black "Masters, Christopher"]
[Result "1/2-1/2"]
[WhiteElo "2071"]
[BlackElo "1900"]
[PlyCount "70"]
[EventDate "2015.07.22"]
[EventType "team-tourn"]
[EventRounds "9"]
[EventCountry "SRI"]
[SourceTitle "EXT 2020"]
[Source "ChessBase"]
[SourceDate "2019.10.17"]
[SourceVersion "1"]
[SourceVersionDate "2019.10.17"]
[SourceQuality "1"]
[WhiteTeam "Al Quds (Jerusalem)"]
[BlackTeam "Hong Kong"]
[WhiteTeamCountry "PLE"]
[BlackTeamCountry "HKG"]

1. e4 c5 2. Nc3 g6 3. f4 Bg7 4. Nf3 d6 5. Bb5+ Bd7 6. Bc4 Nc6 7. 0-0 Nd4 8. Nxd4 cxd4 9. Ne2 Rc8 10. d3 e6 11. a4 a5 12. Qe1 Ne7 13. Qf2 Qb6 14. Bb3 0-0 15. Qh4 Nc6 16. Bd2 Qd8 17. Qh3 Nb4 18. Bxb4 axb4 19. g4 h6 20. Qg3 Rc5 21. Kh1 Ra5 22. Qf2 Qb6 23. Ng3 Kh7 24. f5 exf5 25. gxf5 gxf5 26. Nxf5 Bxf5 27. exf5 Be5 28. Qf3 Qc6 29. Qe4 Qxe4+ 30. dxe4 Kg7 31. Rf3 Kf6 32. Raf1 Rc5 33. Rh3 Rh8 34. Rf2 Ke7 35. Kg2 Bf6 1/2-1/2

[Event "Asia Cities-ch 19th"]
[Site "Kalutara "]
[Date "2015.07.25"]
[Round "6"]
[White "Masters, Christopher"]
[Black "Ashraf, Ahmed Ramadan"]
[Result "0-1"]
[WhiteElo "1900"]
[BlackElo "1837"]
[PlyCount "110"]
[EventDate "2015.07.22"]
[EventType "team-tourn"]
[EventRounds "9"]
[EventCountry "SRI"]
[SourceTitle "EXT 2020"]
[Source "ChessBase"]
[SourceDate "2019.10.17"]
[SourceVersion "1"]
[SourceVersionDate "2019.10.17"]
[SourceQuality "1"]
[WhiteTeam "Hong Kong"]
[BlackTeam "Male"]
[WhiteTeamCountry "HKG"]
[BlackTeamCountry "MDV"]

1. e4 e5 2. Nf3 Nc6 3. Bb5 Nf6 4. d3 Bc5 5. c3 d6 6. h3 h6 7. Nbd2 0-0 8. 0-0 a6 9. Ba4 b5 10. Bc2 Be6 11. Nb3 Bb6 12. d4 Bxb3 13. axb3 exd4 14. cxd4 Re8 15. Re1 Nb4 16. Bb1 c5 17. Bd2 Nc6 18. e5 dxe5 19. dxe5 Nd7 20. Qc2 Nf8 21. Ba2 Nd4 22. Nxd4 Qxd4 23. Bc3 Qf4 24. Bd2 Qh4 25. Re4 Qe7 26. Rae1 Ne6 27. Bb1 Nf8 28. Rg4 Qe6 29. Kh1 Rad8 30. f4 Qd5 31. Be3 Re6 32. b4 c4 33. Kh2 Bxe3 34. Rxe3 Qd2 35. Reg3 Rg6 36. Qf5 Rxg4 37. Rxg4 Qd7 38. Qh5 Qd1 39. Be4 Ne6 40. Bf3 Qd3 41. Qxh6 Qf5 42. Qh4 Rd4 43. Kg3 Rd2 44. Qe7 Rxb2 45. Qe8+ Nf8 46. Rh4 Rb3 47. Kh2 g6 48. Bd5 Kg7 49. Qe7 Re3 50. e6 Nxe6 51. Bxe6 Qxe6 52. Qd8 Qe8 53. Qd4+ f6 54. f5 Qe5+ 55. Qxe5 Rxe5 0-1

[Event "Hong Kong-ch prel"]
[Site "Hong Kong"]
[Date "2015.01.26"]
[Round "4"]
[White "Wolfaardt, Francois"]
[Black "Masters, Christopher"]
[Result "0-1"]
[WhiteElo "1745"]
[BlackElo "1854"]
[PlyCount "98"]
[EventDate "2015.01.05"]
[EventType "swiss"]
[EventRounds "9"]
[EventCountry "HKG"]
[SourceTitle "EXT 2016"]
[Source "ChessBase"]
[SourceDate "2015.10.08"]
[SourceVersion "1"]
[SourceVersionDate "2015.10.08"]
[SourceQuality "1"]

1. Nf3 Nf6 2. Nc3 c5 3. e4 d6 4. Bb5+ Nbd7 5. e5 dxe5 6. Nxe5 a6 7. Nxd7 Bxd7 8. Bxd7+ Qxd7 9. d3 g6 10. Qf3 Rc8 11. 0-0 Bg7 12. Re1 0-0 13. Bf4 b5 14. Be5 Rc6 15. Ne4 Nxe4 16. Bxg7 Kxg7 17. Rxe4 e6 18. Rae1 Rd6 19. h4 Rd5 20. Re5 Rxe5 21. Rxe5 Qd4 22. Qe3 Qxb2 23. Rxc5 h5 24. Qe5+ Qxe5 25. Rxe5 Rc8 26. Re2 Rc3 27. Rd2 b4 28. Kf1 Kf6 29. d4 Ra3 30. Ke2 Rxa2 31. Kd3 a5 32. Kc4 Rb2 33. Kd3 a4 34. Rd1 a3 35. Ra1 a2 36. f3 g5 37. hxg5+ Kxg5 38. g3 f5 39. Kc4 f4 40. gxf4+ Kxf4 41. Kc5 h4 42. Kd6 Kf5 43. d5 exd5 44. Kxd5 Rxc2 45. Kd4 b3 46. Kd3 Rc6 47. Rh1 b2 48. Rxh4 b1Q+ 49. Ke3 Qe1+ 0-1

[Event "Hong Kong-ch prel"]
[Site "Hong Kong"]
[Date "2015.01.19"]
[Round "3"]
[White "Masters, Christopher"]
[Black "Tsang, Winston"]
[Result "1-0"]
[WhiteElo "1854"]
[BlackElo "2072"]
[PlyCount "69"]
[EventDate "2015.01.05"]
[EventType "swiss"]
[EventRounds "9"]
[EventCountry "HKG"]
[SourceTitle "EXT 2016"]
[Source "ChessBase"]
[SourceDate "2015.10.08"]
[SourceVersion "1"]
[SourceVersionDate "2015.10.08"]
[SourceQuality "1"]

1. e4 Nf6 2. e5 Ng8 3. d4 d6 4. f4 c5 5. d5 dxe5 6. fxe5 e6 7. Bb5+ Bd7 8. Bxd7+ Nxd7 9. Nf3 Ne7 10. d6 Ng6 11. Qe2 f6 12. exf6 Qxf6 13. 0-0 Bxd6 14. Nc3 0-0 15. Ne4 Qe7 16. Bg5 Nf6 17. Nxd6 Qxd6 18. Rad1 Qc6 19. Rfe1 Rae8 20. Ne5 Nxe5 21. Qxe5 Nd5 22. c4 Nb6 23. b3 Rf5 24. Qg3 e5 25. Be3 Rf6 26. Rd2 Rg6 27. Qh3 Nc8 28. Red1 Nd6 29. g3 Qf3 30. Bxc5 Nf7 31. Qd7 Qc6 32. Bxa7 b6 33. Rf1 Ng5 34. h4 Ne4 35. Qf7+ 1-0

[Event "Hong Kong-ch"]
[Site "Hong Kong"]
[Date "2014.04.02"]
[Round "8"]
[White "Muniz Pardino, Alberto"]
[Black "Masters, Christopher"]
[Result "0-1"]
[WhiteElo "2097"]
[BlackElo "1773"]
[PlyCount "94"]
[EventDate "2014.03.17"]
[EventType "tourn"]
[EventRounds "11"]
[EventCountry "HKG"]
[SourceTitle "EXT 2018"]
[Source "ChessBase"]
[SourceDate "2017.10.13"]
[SourceVersion "1"]
[SourceVersionDate "2017.10.13"]
[SourceQuality "1"]

1. e4 c5 2. Nf3 d6 3. d4 cxd4 4. Nxd4 Nf6 5. Nc3 g6 6. Nf3 Nc6 7. Bc4 Bg7 8. 0-0 0-0 9. h3 Bd7 10. Re1 Rc8 11. Bb3 a6 12. Bg5 Na5 13. Nd5 Nxb3 14. axb3 Nxd5 15. exd5 Re8 16. c3 h6 17. Bh4 g5 18. Bg3 f5 19. Nd4 f4 20. Bh2 Be5 21. Qd3 Kg7 22. h4 Rf8 23. Re2 Qe8 24. Rae1 Qg6 25. Qxg6+ Kxg6 26. Re4 Rc5 27. Nf3 Bf6 28. c4 Bf5 29. R4e2 Bg4 30. Re4 Bxf3 31. gxf3 Be5 32. Kg2 Ra5 33. Kh3 Kf5 34. R1e2 Ra2 35. Rc2 Rc8 36. Kg2 Rc7 37. Ree2 a5 38. Kh3 b6 39. Bg1 Rc8 40. Kg2 Rg8 41. Kh3 Ra1 42. Bh2 gxh4 43. Rcd2 Rb1 44. Rc2 Rc8 45. Kxh4 Rh1 46. Kh3 Rg8 47. Rcd2 Rg5 0-1

[Event "Hong Kong-ch prel"]
[Site "Hong Kong"]
[Date "2014.02.24"]
[Round "7"]
[White "Chan, Kwai Keong"]
[Black "Masters, Christopher"]
[Result "0-1"]
[WhiteElo "1879"]
[BlackElo "1773"]
[PlyCount "52"]
[EventDate "2014.01.06"]
[EventType "swiss"]
[EventRounds "9"]
[EventCountry "HKG"]
[SourceTitle "EXT 2015"]
[Source "ChessBase"]
[SourceDate "2014.11.20"]
[SourceVersion "1"]
[SourceVersionDate "2014.11.20"]
[SourceQuality "1"]

1. d4 Nf6 2. c4 g6 3. Nc3 Bg7 4. e4 d6 5. Be2 0-0 6. Nf3 e5 7. dxe5 dxe5 8. Qxd8 Rxd8 9. Bg5 Re8 10. Nd5 Nxd5 11. cxd5 c6 12. Bc4 cxd5 13. Bxd5 Nc6 14. 0-0-0 Nb4 15. Bb3 a5 16. a3 Nc6 17. h3 Nd4 18. Nxd4 exd4 19. Rhe1 Be6 20. Ba4 b5 21. Bxb5 Rec8+ 22. Kb1 Rc5 23. f4 Rxb5 24. Be7 Rb7 25. Bc5 Bb3 26. Rd2 d3 0-1

[Event "Hong Kong-ch prel"]
[Site "Hong Kong"]
[Date "2014.02.17"]
[Round "6"]
[White "Masters, Christopher"]
[Black "Muniz Pardino, Alberto"]
[Result "0-1"]
[WhiteElo "1773"]
[BlackElo "2097"]
[PlyCount "68"]
[EventDate "2014.01.06"]
[EventType "swiss"]
[EventRounds "9"]
[EventCountry "HKG"]
[SourceTitle "EXT 2015"]
[Source "ChessBase"]
[SourceDate "2014.11.20"]
[SourceVersion "1"]
[SourceVersionDate "2014.11.20"]
[SourceQuality "1"]

1. e4 c5 2. Nf3 d6 3. d4 cxd4 4. Nxd4 Nf6 5. Nc3 g6 6. Be3 a6 7. Be2 Bg7 8. 0-0 0-0 9. Nb3 Nbd7 10. f4 b5 11. Bf3 Bb7 12. a3 Rc8 13. Qd3 Qc7 14. Rf2 Rfd8 15. g4 Nc5 16. Nxc5 dxc5 17. Qe2 b4 18. axb4 cxb4 19. Na4 Qc4 20. Nc5 Rxc5 21. Bxc5 Qxc5 22. Kg2 Qd4 23. e5 Nd5 24. Bxd5 Qxd5+ 25. Kg3 e6 26. b3 g5 27. Re1 h6 28. h4 Qd4 29. Qe3 Qxe3+ 30. Rxe3 gxf4+ 31. Rxf4 a5 32. Rc4 Rd5 33. Kf4 Ba6 34. Rc7 Bf8 0-1

[Event "Penang op-A 5th"]
[Site "Penang"]
[Date "2013.12.09"]
[Round "1"]
[White "Masters, Christopher"]
[Black "Sonjaya, Deni"]
[Result "0-1"]
[WhiteElo "1759"]
[BlackElo "2292"]
[PlyCount "44"]
[EventDate "2013.12.09"]
[EventType "swiss"]
[EventRounds "9"]
[EventCountry "MAS"]
[SourceTitle "CBM 157 Extra"]
[Source "ChessBase"]
[SourceDate "2013.12.19"]
[SourceVersion "1"]
[SourceVersionDate "2013.12.19"]
[SourceQuality "1"]

1. e4 e5 2. Nf3 d6 3. d4 exd4 4. Nxd4 Nf6 5. Nc3 Be7 6. Bf4 0-0 7. Qd2 d5 8. Ndb5 Bb4 9. 0-0-0 c6 10. Nc7 Nxe4 11. Qd4 Bxc3 12. bxc3 Qe7 13. Kb2 g5 14. Nxa8 gxf4 15. Qxa7 Nd7 16. f3 Nec5 17. Rd4 Qe3 18. Qa3 b5 19. Nc7 Na4+ 20. Rxa4 bxa4 21. Qd6 a3+ 22. Kxa3 Qxc3+ 0-1

[Event "Hong Kong-ch op"]
[Site "Hong Kong"]
[Date "2013.09.30"]
[Round "7"]
[White "Masters, Christopher"]
[Black "Mahadevan, Aravind"]
[Result "1-0"]
[WhiteElo "1770"]
[BlackElo "1503"]
[PlyCount "67"]
[EventDate "2013.09.27"]
[EventType "swiss"]
[EventRounds "9"]
[EventCountry "HKG"]
[SourceTitle "EXT 2015"]
[Source "ChessBase"]
[SourceDate "2014.11.20"]
[SourceVersion "1"]
[SourceVersionDate "2014.11.20"]
[SourceQuality "1"]

1. e4 c6 2. d4 d5 3. Nc3 dxe4 4. Nxe4 Bf5 5. Ng3 Bg6 6. Nf3 Nd7 7. h4 h6 8. Bd3 Bxd3 9. Qxd3 e6 10. Bd2 Ngf6 11. 0-0-0 Bd6 12. Ne4 Nxe4 13. Qxe4 Nf6 14. Qe2 Qc7 15. g3 0-0-0 16. c4 Qe7 17. Ne5 Nd7 18. f4 Nxe5 19. fxe5 Bb4 20. Be3 Ba5 21. h5 Rd7 22. Rhf1 Rhd8 23. a3 a6 24. Qg4 Qf8 25. Rf4 c5 26. d5 Kb8 27. d6 f6 28. Qxe6 Bb6 29. exf6 Rxd6 30. Rxd6 Rxd6 31. fxg7 Qd8 32. Qxd6+ Qxd6 33. g8Q+ Ka7 34. Rf8 1-0

[Event "Hong Kong-ch op"]
[Site "Hong Kong"]
[Date "2012.10.02"]
[Round "9"]
[White "Muniz Pardino, Alberto"]
[Black "Masters, Christopher"]
[Result "1-0"]
[WhiteElo "2138"]
[BlackElo "1751"]
[PlyCount "41"]
[EventDate "2012.09.28"]
[EventType "swiss"]
[EventRounds "9"]
[EventCountry "HKG"]
[SourceTitle "EXT 2024"]
[Source "ChessBase"]
[SourceDate "2023.10.10"]
[SourceVersion "1"]
[SourceVersionDate "2023.10.10"]
[SourceQuality "1"]

1. d4 Nf6 2. Nc3 d5 3. Bg5 Nbd7 4. f3 e6 5. e4 h6 6. Bh4 g5 7. Bf2 dxe4 8. fxe4 Bb4 9. Qd3 c6 10. Nf3 Qa5 11. Nd2 b5 12. Be2 Bb7 13. 0-0 0-0-0 14. a4 Nc5 15. Qf3 Bxc3 16. bxc3 Nxa4 17. Qxf6 Qxc3 18. Nf3 Kb8 19. Bd3 Nb6 20. Rfb1 Nd7 21. Qe7 1-0

[Event "Hong Kong-ch op"]
[Site "Hong Kong"]
[Date "2012.09.28"]
[Round "1"]
[White "Llaneza Vega, Marcos"]
[Black "Masters, Christopher"]
[Result "1-0"]
[WhiteElo "2428"]
[BlackElo "1751"]
[PlyCount "91"]
[EventDate "2012.09.28"]
[EventType "swiss"]
[EventRounds "9"]
[EventCountry "HKG"]
[SourceTitle "EXT 2024"]
[Source "ChessBase"]
[SourceDate "2023.10.10"]
[SourceVersion "1"]
[SourceVersionDate "2023.10.10"]
[SourceQuality "1"]

1. e4 c5 2. Nc3 a6 3. a4 Nc6 4. Nf3 g6 5. Bc4 Bg7 6. 0-0 e6 7. Re1 d6 8. d3 Nge7 9. Bg5 Qc7 10. Qd2 0-0 11. Bh6 Ne5 12. Nxe5 dxe5 13. Ne2 Nc6 14. Ng3 Qd8 15. Bg5 Qc7 16. a5 Kh8 17. Be3 Qe7 18. Ne2 f5 19. f3 Bd7 20. Nc3 f4 21. Bf2 Nd4 22. Na4 Bxa4 23. Rxa4 g5 24. Qd1 Rf6 25. c3 Nc6 26. Qb3 h5 27. Qb6 Bf8 28. b4 cxb4 29. cxb4 Rg6 30. b5 axb5 31. Bxb5 Nd8 32. Rc1 g4 33. Bc5 Qf6 34. Bxf8 gxf3 35. Bd6 Rxg2+ 36. Kf1 Rxh2 37. Qg1 Rg2 38. Qh1 Qg5 39. Be8 h4 40. Rc7 Nc6 41. Bxc6 bxc6 42. Bxe5+ Kg8 43. Rg7+ Qxg7 44. Bxg7 Rxg7 45. Qxf3 Rb8 46. Ra1 1-0